Normal view
MARC view
- Da Silva, E Silva, Da.E
Entry Personal Name
001 - CONTROL NUMBER
- control field: 58371
003 - CONTROL NUMBER IDENTIFIER
- control field: NUST
005 - DATE AND TIME OF LATEST TRANSACTION
- control field: 20210628202128.0
008 - FIXED-LENGTH DATA ELEMENTS
- fixed length control field: 210628|| aca||aabn | a|a d
040 ## - CATALOGING SOURCE
- Original cataloging agency: NUST
- Transcribing agency: NUST
100 ## - HEADING--PERSONAL NAME
- Personal name: Da Silva, E Silva, Da.E
670 ## - SOURCE DATA FOUND
- Source citation: Work cat.: (NUST): Da Silva, E Silva, Da.E, High frequency and microwave engineering, 2001
